00585nam a22001937a 450000700030000000800410000302000180004404000140006204100100007610000210008624500520010726000290015930000210018844000450020950000540025463000390030865000240034770000200037100170424b xxu||||| |||| 00| 0 eng d a2-10-048906-2 aBUACcBUC aFre.  aBARABEL, Michel  aManageor c/ par Michel BARABEl, Olivier MEIER  aParis : bDunod, c2006. a884 p. c24 cm.  a(Les meilleures pratiques du management) aBibliogr. : pp. (849-880) ; Index : pp. (881-884) aSCIENCES APPLIQUEES ET TECHNIQUES  aMARKETING ; GESTION aMEIER, Olivier